| 000 | 00540nam a2200193Ia 4500 | ||
|---|---|---|---|
| 001 | 14932 | ||
| 003 | GE_BSU | ||
| 008 | 181216s||||||||xx |||||||||||||| ||und|| | ||
| 040 | _cGE_BSU | ||
| 080 | _a517.91 | ||
| 100 | _aБеллман,Р. Кук,К.Л. | ||
| 245 | _aДифференциально-разностные уравнения | ||
| 260 | _aМосква | ||
| 260 | _bМир | ||
| 260 | _c1967 | ||
| 300 | _a548стр.22см. | ||
| 653 | _aДифференциально-разностные уравнения | ||
| 942 | _cBK | ||
| 999 |
_c48052 _d48052 |
||